Super Metroid Locations on a Map - Statistics

General Stats
  • This quiz has been taken 235 times
  • The average score is 5 of 7
Answers on the Map
Answers color-coded by a green-red scale on the quiz's map according to % correct below.
 
Answer Stats
Region % Correct
Brinstar
95%
Norfair
94%
Wrecked Ship
86%
Maridia
77%
Crateria
76%
Tourian
62%
Space Colony
48%
No matching quizzes found
Score Distribution
Percent of People with Each Score
Percentile by Number Answered
Your Score History
You have not taken this quiz